<?xml version="1.0" encoding="UTF-8"?>
<collection xmlns:xsi="http://www.w3.org/2001/XMLSchema-instance" xsi:schemaLocation="http://www.loc.gov/MARC21/slim http://www.loc.gov/standards/marcxml/schema/MARC21slim.xsd" xmlns="http://www.loc.gov/MARC21/slim">
 <record>
  <leader>00000cam a22000004a 4500</leader>
  <controlfield tag="001">UP-99796217610176890</controlfield>
  <controlfield tag="003">Buklod</controlfield>
  <controlfield tag="005">20120118114903.0</controlfield>
  <controlfield tag="006">m     o  j        </controlfield>
  <controlfield tag="007">cr an |||aaaaa</controlfield>
  <controlfield tag="008">100708s2010    xx ab   rb   |001 0|eng d</controlfield>
  <datafield tag="020" ind1=" " ind2=" ">
   <subfield code="a">9789027202833 (hbk. : alk. paper)</subfield>
  </datafield>
  <datafield tag="035" ind1=" " ind2=" ">
   <subfield code="a">(iLib)UPD-00183803656</subfield>
  </datafield>
  <datafield tag="040" ind1=" " ind2=" ">
   <subfield code="a">DLC</subfield>
   <subfield code="d">DML</subfield>
  </datafield>
  <datafield tag="041" ind1="0" ind2=" ">
   <subfield code="a">eng</subfield>
  </datafield>
  <datafield tag="042" ind1=" " ind2=" ">
   <subfield code="a">DMLUC</subfield>
  </datafield>
  <datafield tag="090" ind1=" " ind2=" ">
   <subfield code="a">P 40.45 P65</subfield>
   <subfield code="b">V65 2010</subfield>
  </datafield>
  <datafield tag="100" ind1="1" ind2=" ">
   <subfield code="a">Volkel, Svenja</subfield>
  </datafield>
  <datafield tag="245" ind1="1" ind2="0">
   <subfield code="a">Social structure, space and possession in Tongan culture and language</subfield>
   <subfield code="b">an ethnolinguistic study</subfield>
   <subfield code="c">Svenja Volkel.</subfield>
  </datafield>
  <datafield tag="264" ind1=" " ind2="1">
   <subfield code="a">Amsterdam, [Netherlands]</subfield>
   <subfield code="b">John Benjamins Pub.</subfield>
   <subfield code="c">2010.</subfield>
  </datafield>
  <datafield tag="300" ind1=" " ind2=" ">
   <subfield code="a">xiv, 272 p.</subfield>
   <subfield code="b">ill., maps.</subfield>
  </datafield>
  <datafield tag="490" ind1="0" ind2=" ">
   <subfield code="a">Culture and language use</subfield>
   <subfield code="v">v. 2.</subfield>
  </datafield>
  <datafield tag="650" ind1=" " ind2="0">
   <subfield code="a">Sociolinguistics</subfield>
   <subfield code="z">Polynesia.</subfield>
  </datafield>
  <datafield tag="650" ind1=" " ind2="0">
   <subfield code="a">Tongan language</subfield>
   <subfield code="x">Social aspects.</subfield>
  </datafield>
  <datafield tag="650" ind1=" " ind2="0">
   <subfield code="a">Space and time in language.</subfield>
  </datafield>
  <datafield tag="650" ind1=" " ind2="0">
   <subfield code="a">Cognition and culture</subfield>
   <subfield code="z">Polynesia.</subfield>
  </datafield>
  <datafield tag="650" ind1=" " ind2="0">
   <subfield code="a">Psycholinguistics</subfield>
   <subfield code="z">Polynesia.</subfield>
  </datafield>
  <datafield tag="856" ind1="4" ind2="0">
   <subfield code="z">Table of contents and preview</subfield>
   <subfield code="u">http://books.google.com.ph/books?id=4XxHNPYW9OAC&amp;printsec=frontcover&amp;dq=Social+structure,+space+and+possession+in+Tongan+culture+and+language&amp;source=bl&amp;ots=jehx-K7NyB&amp;sig=zuUkOhh_a_21bja1MldYs6kcObo&amp;hl=en&amp;sa=X&amp;ei=ExZIUPeOD8WciAfR3YGYCw&amp;ved=0CCwQ6AEwAA#v=onepage&amp;q=Social%20structure%2C%20space%20and%20possession%20in%20Tongan%20culture%20and%20language&amp;f=false</subfield>
  </datafield>
  <datafield tag="856" ind1="4" ind2="2">
   <subfield code="a">(viewed 6 September 2012)</subfield>
  </datafield>
  <datafield tag="905" ind1=" " ind2=" ">
   <subfield code="a">FO</subfield>
  </datafield>
  <datafield tag="950" ind1=" " ind2=" ">
   <subfield code="a">Monograph</subfield>
  </datafield>
  <datafield tag="852" ind1="0" ind2=" ">
   <subfield code="a">UPD</subfield>
   <subfield code="b">DMLS</subfield>
   <subfield code="h">P 40.45 P65</subfield>
   <subfield code="i">V65 2010</subfield>
  </datafield>
  <datafield tag="942" ind1=" " ind2=" ">
   <subfield code="a">Book</subfield>
  </datafield>
 </record>
</collection>
